<?xml version="1.0" encoding="UTF-8"?>
<collection xmlns="http://www.loc.gov/MARC21/slim">
 <record>
  <leader>02158nas a2200385   4500</leader>
  <controlfield tag="001">1/50528</controlfield>
  <controlfield tag="008">120411s20049999lu srzp       0   z0eng  </controlfield>
  <datafield tag="022" ind1="0" ind2=" ">
   <subfield code="a">0873-5379</subfield>
  </datafield>
  <datafield tag="035" ind1=" " ind2=" ">
   <subfield code="l">45271</subfield>
  </datafield>
  <datafield tag="040" ind1=" " ind2=" ">
   <subfield code="a">GR-PeUP</subfield>
  </datafield>
  <datafield tag="090" ind1=" " ind2=" ">
   <subfield code="a">ΚΕΤ Αλφαβητική σειρά</subfield>
  </datafield>
  <datafield tag="245" ind1="0" ind2="0">
   <subfield code="a">Drugnet Europe :</subfield>
   <subfield code="b">Newsletter of the European Monitoring Center for Drugs and Drug Addiction.</subfield>
  </datafield>
  <datafield tag="260" ind1=" " ind2=" ">
   <subfield code="a">Λουξεμβούργο :</subfield>
   <subfield code="b">Υπηρεσία Επισήμων Εκδόσεων των Ευρωπαϊκών Κοινοτήτων,</subfield>
   <subfield code="c">2007-</subfield>
  </datafield>
  <datafield tag="300" ind1=" " ind2=" ">
   <subfield code="a">τ. ;</subfield>
   <subfield code="c">30 εκ.</subfield>
  </datafield>
  <datafield tag="310" ind1=" " ind2=" ">
   <subfield code="a">Δίμηνη.</subfield>
  </datafield>
  <datafield tag="362" ind1="0" ind2=" ">
   <subfield code="a">No. 62 (April-June 2008) -</subfield>
  </datafield>
  <datafield tag="500" ind1=" " ind2=" ">
   <subfield code="a">Το περιοδικό έχει συνοδευτική έκδοση : Τα ναρκωτικά στο προσκήνιο, (ISSN 1681-6331).</subfield>
  </datafield>
  <datafield tag="546" ind1=" " ind2=" ">
   <subfield code="a">Αγγλική, Ελληνική.</subfield>
  </datafield>
  <datafield tag="650" ind1=" " ind2="4">
   <subfield code="a">Ευρωπαϊκή Κοινότητα</subfield>
   <subfield code="v">Περιοδικά.</subfield>
  </datafield>
  <datafield tag="650" ind1=" " ind2="4">
   <subfield code="a">Drugs</subfield>
   <subfield code="v">Periodicals.</subfield>
  </datafield>
  <datafield tag="710" ind1="2" ind2=" ">
   <subfield code="a">European Commission.</subfield>
  </datafield>
  <datafield tag="852" ind1=" " ind2=" ">
   <subfield code="a">INST</subfield>
   <subfield code="b">UNIPILB</subfield>
   <subfield code="c">SERIALS</subfield>
   <subfield code="e">20120423</subfield>
   <subfield code="h">ΚΕΤ Αλφαβητική σειρά</subfield>
   <subfield code="p">75239</subfield>
   <subfield code="q">75239</subfield>
   <subfield code="t">NOLOAN</subfield>
   <subfield code="v">no.77:(Μήνες)Jan.-Mar.;(Έτος)2012</subfield>
   <subfield code="y">23</subfield>
  </datafield>
  <datafield tag="852" ind1=" " ind2=" ">
   <subfield code="a">INST</subfield>
   <subfield code="b">UNIPILB</subfield>
   <subfield code="c">SERIALS</subfield>
   <subfield code="e">20120619</subfield>
   <subfield code="h">ΚΕΤ Αλφαβητική σειρά</subfield>
   <subfield code="p">75783</subfield>
   <subfield code="q">75783</subfield>
   <subfield code="t">NOLOAN</subfield>
   <subfield code="v">no.78:(Μήνες)Apr.-Jun.;(Έτος)2012</subfield>
   <subfield code="y">23</subfield>
  </datafield>
  <datafield tag="852" ind1=" " ind2=" ">
   <subfield code="a">INST</subfield>
   <subfield code="b">UNIPILB</subfield>
   <subfield code="c">SERIALS</subfield>
   <subfield code="e">20121204</subfield>
   <subfield code="h">ΚΕΤ Αλφαβητική σειρά</subfield>
   <subfield code="p">77265</subfield>
   <subfield code="q">77265</subfield>
   <subfield code="t">NOLOAN</subfield>
   <subfield code="v">no.80:(Μήνες)Oct.;(Έτος)2012</subfield>
   <subfield code="y">23</subfield>
  </datafield>
  <datafield tag="856" ind1="4" ind2="1">
   <subfield code="u">http://emcdda.eyropa.eu</subfield>
  </datafield>
  <datafield tag="900" ind1=" " ind2=" ">
   <subfield code="a">No. 81 (Jan., 2013)</subfield>
   <subfield code="b">Οφειλόμενο</subfield>
   <subfield code="c">09/07/2013</subfield>
  </datafield>
  <datafield tag="900" ind1=" " ind2=" ">
   <subfield code="a">No. 79 (Jul., 2012)</subfield>
   <subfield code="b">Οφειλόμενο</subfield>
   <subfield code="c">20/01/2013</subfield>
  </datafield>
  <datafield tag="950" ind1=" " ind2=" ">
   <subfield code="a">01/01/2012</subfield>
   <subfield code="c">ΚΕΝΤΡΟ ΕΥΡΩΠΑΙΚΗΣ ΤΕΚΜΗΡΙΩΣΗΣ</subfield>
   <subfield code="d">873</subfield>
  </datafield>
  <datafield tag="951" ind1=" " ind2=" ">
   <subfield code="a">No. 16 (2007) : Τα ναρκωτικά στο προσκήνιο</subfield>
   <subfield code="b">Supplements</subfield>
  </datafield>
  <datafield tag="951" ind1=" " ind2=" ">
   <subfield code="a">No. 61 (January-March 2008)</subfield>
   <subfield code="b">Main run</subfield>
  </datafield>
  <datafield tag="951" ind1=" " ind2=" ">
   <subfield code="a">No. 62 (April-June 2008)</subfield>
   <subfield code="b">Main run</subfield>
  </datafield>
  <datafield tag="951" ind1=" " ind2=" ">
   <subfield code="a">No. 63 (July-September 2008)</subfield>
   <subfield code="b">Main run</subfield>
  </datafield>
  <datafield tag="951" ind1=" " ind2=" ">
   <subfield code="a">No. 64 (October-December 2008)</subfield>
   <subfield code="b">Main run</subfield>
  </datafield>
  <datafield tag="951" ind1=" " ind2=" ">
   <subfield code="a">No. 77 (Jan., 2012) - No. 78 (Jun., 2012)</subfield>
   <subfield code="b">Main run</subfield>
  </datafield>
  <datafield tag="951" ind1=" " ind2=" ">
   <subfield code="a">No. 80 (Oct., 2012)</subfield>
   <subfield code="b">Main run</subfield>
  </datafield>
 </record>
</collection>
